La phyloxera (Record no. 48493)

MARC details
000 -LEADER
campo de control de longitud fija 00753nam a2200205 i 4500
001 - NÚMERO DE CONTROL
campo de control 48493
003 - IDENTIFICADOR DE NÚMERO DE CONTROL
campo de control ES-MaACL
005 - FECHA Y HORA DE LA ÚLTIMA TRANSACCIÓN
campo de control 20230906161748.0
007 - CAMPO FIJO DE DESCRIPCIÓN FÍSICA--INFORMACIÓN GENERAL
campo de control de longitud fija t|
008 - DATOS DE LONGITUD FIJA--INFORMACIÓN GENERAL
campo de control de longitud fija 950922s1878 sp ||||1| spa d
040 ## - FUENTE DE CATALOGACIÓN
Centro catalogador/agencia de origen CAM
Lengua de catalogación spa
Centro/agencia transcriptor CAM
100 1# - ENTRADA PRINCIPAL--NOMBRE DE PERSONA
Nombre de persona Escosura y Coronel, Luis de la.
9 (RLIN) 47618
245 13 - MENCIÓN DEL TÍTULO
Título La phyloxera
Resto del título : descripción, vida y costumbres /
Mención de responsabilidad, etc. edición con grabados por Luis de la Escosura y Coronel y Victoriano Deleito y Butragueño.
260 ## - PUBLICACIÓN, DISTRIBUCIÓN, ETC.
Lugar de publicación, distribución, etc. Madrid :
Nombre del editor, distribuidor, etc. [s.n.],
Fecha de publicación, distribución, etc. 1878 (
Fabricante Establecimiento tipográfico de A. Bacaycoa, a cargo de E. Viota)
300 ## - DESCRIPCIÓN FÍSICA
Extensión 90, [3] p. ;
Dimensiones 18 cm.
650 #4 - PUNTO DE ACCESO ADICIONAL DE MATERIA--TÉRMINO DE MATERIA
Término de materia o nombre geográfico como elemento de entrada Filoxera.
9 (RLIN) 136118
700 1# - ENTRADA AGREGADA--NOMBRE PERSONAL
Nombre de persona Deleito y Butragueño, Victoriano.
9 (RLIN) 43364
852 ## - LOCALIZACIÓN
Ubicación ES-MaACL
Número de control de estantería T-343-F-10
852 ## - LOCALIZACIÓN
Ubicación ES-MaACL
Número de control de estantería T-349-F-2
Holdings
Estatus retirado Estado de pérdida Estado de daño No para préstamo Colección Biblioteca de origen Biblioteca actual Ubicación en estantería Fecha de adquisición Fuente de adquisición Total de préstamos Signatura topográfica completa Código de barras Visto por última vez Precio de reemplazo Tipo de ítem Koha
        Colección de folletos Biblioteca del Ateneo de Madrid Biblioteca del Ateneo de Madrid Depósito folletos 17/01/2008     T-349-F-2 1051032 23/02/2023 23/02/2023 Folleto
        Colección de folletos Biblioteca del Ateneo de Madrid Biblioteca del Ateneo de Madrid Depósito folletos 17/01/2008     T-343-F-10 1051031 23/02/2023 23/02/2023 Folleto